000 01480namaa22003371i 4500
005 20260228123619.0
008 260215s1994 ua a|||fr|m|| 000 0 eng d
040 _aEG-GICUC
_beng
_cEG-GICUC
_dEG-GICUC
_erda
041 0 _aeng
_beng
_bara
049 _aDeposit
097 _aM.Sc
099 _aCai01.12.07.M.Sc.1994.Ya.N.
100 0 _aYasser Mohammed Nabil Mostafa,
_epreparation.
245 1 0 _aNew Approaches for synthesis of condensed Azines /
_cBy Yasser Mohammed Nabil Mostafa; Supervised Prof. Dr. A.M. Negm, Prof. Dr. Ebtisam Abdel Aziz Hafez, Prof. Dr. Salwa Mohammed Ali Dogheim, Prof. Dr. Fatma Abd El- Maksoud
246 1 5 _aطرق جديدة لتحضير الزينات الملتحمة
264 0 _c1994.
300 _a120 Leaves :
_billustrations ;
_c30 cm. +
336 _2rda content
_atext
337 _2rdamedia
_aUnmediated
338 _2rdacarrier
_avolume
502 _aThesis (M.Sc.)-Cairo University, 1994
504 _aBibliography: pages 107 :120
653 0 _acondensed
_asynthesis
700 0 _aA.M. Negm
_ethesis advisor.
700 0 _aEbtisam Abdel Aziz Hafez
_ethesis advisor.
700 0 _aSalwa Mohammed Ali Dogheim
_ethesis advisor.
700 0 _aFatma Abd El- Maksoud
_ethesis advisor.
900 _DDepartment of Chemistry
_FFaculty of Science
_UCairo University
_b1994
_cA.M. Negm
_cEbtisam Abdel Aziz Hafez
_cSalwa Mohammed Ali Dogheim
_cFatma Abd El- Maksoud
_dA.M. Negm
905 _aNagat
_eNourhan
942 _2ddc
_cTH
_e21
_n0
999 _c178478